The secret (रहस्य) : Hindi (Record no. 12261)

000 -LEADER
fixed length control field 00427nam a22001697a 4500
008 - FIXED-LENGTH DATA ELEMENTS--GENERAL INFORMATION
fixed length control field 220829b ||||| |||| 00| 0 eng d
020 ## - INTERNATIONAL STANDARD BOOK NUMBER
International Standard Book Number 9788183220941
082 ## - DEWEY DECIMAL CLASSIFICATION NUMBER
Classification number 131
Item number BYR
100 ## - MAIN ENTRY--PERSONAL NAME
Personal name Byrne, Rhonda
245 ## - TITLE STATEMENT
Title The secret (रहस्य) : Hindi
260 ## - PUBLICATION, DISTRIBUTION, ETC. (IMPRINT)
Place of publication, distribution, etc Bhopal
Name of publisher, distributor, etc Manjul Publishing House
Date of publication, distribution, etc 2009
300 ## - PHYSICAL DESCRIPTION
Extent xv, 198p.
Other physical details pb
650 ## - SUBJECT ADDED ENTRY--TOPICAL TERM
Topical term or geographic name as entry element New Thought
650 ## - SUBJECT ADDED ENTRY--TOPICAL TERM
Topical term or geographic name as entry element Success
650 ## - SUBJECT ADDED ENTRY--TOPICAL TERM
Topical term or geographic name as entry element Happiness
942 ## - ADDED ENTRY ELEMENTS (KOHA)
Item type Books
Holdings
Withdrawn status Lost status Source of classification or shelving scheme Damaged status Not for loan Collection code Permanent location Current location Shelving location Date acquired Full call number Barcode Date last seen Koha item type Public note
          Fiction IMU-MPC Library IMU-MPC Library Fiction 2022-08-29 131 BYR MPC6593 2025-03-17 Books Column-64
Copyright © 2021 Indian Maritime University, Mumbai Port Campus. All Rights Reserved. Managed & Maintained by Central Library, IMU-Mumbai

webs counters

Powered by Koha